000 00742cab a2200265 4500
001 WB3504-46
008 090401t1999 xxu||||| |||| 00| 0 eng d
035 _a(Sirsi) u90987
041 _aeng
245 _aFarmers` incomes crash
260 _c1999
350 _a0
490 _aGuardian
_v29 January 1999, 7
490 _aScotsman
_v29 January 1999, 4
490 _aFarmer`s Guardian
_v29 January 1999, 1(3)
520 _aBritish farmers have seen their incomes drop by a third, in the worst year in recent history according to MAFF.
650 _aAGRICULTURE CRISIS
650 _aDECLINE
650 _aFARMING
650 _aINCOMES
650 _aSCOTLAND
690 _aRURAL PRACTICE
942 _n0
948 _c29/01/1999
999 _c57728
_d57728